00674akm a2200229a 44500008003900000017001700039041000800056080002000064110005400084245003200138245005500170245001400225260001600239260007900255260000900334300000800343490002500351500001200376520000700388650002400395830002500419960122s1991 cat aB-39098-1991 acat a625.748.28(038) aConsorci per a la Normalització Lingüística aEl català a la gasolinera cConsorci per a la Normalització Lingüística. h[cartell] a[Barcelona] bGeneralitat de Catalunya. Direcció General de Política Lingüística c1991 bil. aCatalà Sobre Rodes btermcat a28 aestacions de servei aCatalà Sobre Rodes